1744 1048 1124 1898 1591 1776 1073 1623 1287 1155 1375 1974 1149 1801 1672 1921 1528 1759 1321 1410 1811 1673 1298 1666 1700 1830 1132 1338 1451 1618 1540 1539 1508 1720 1954 1742 1316 1648 1710 1199 1135 1485 1832 1550 1962 1407 1707 1569 1244 1043 1419 1962 1199 1350 1923 1320 1579 1326 1629 1694 1044 1092 1046 1966 1951 1487 1794 1105 1057 1904 1004 1038 1028 1994 1242 1247 1788 1038 1000 1123 1012 1320 1060 1801 1881 1098 1927 1469 1502 1612 1150 1030 1198 1772 1072 1149 1507 1891 1895 BCNSPRNW ULIB Ver.6.0+V

เปลี่ยนเป็นภาษาไทย

Change to English
 แสดงรายละเอียดบรรณานุกรม
  กลับหน้าหลัก

Brief Record : Get Marc (ISO 2709) : E-mail record : QR code < ปิดหน้าต่าง
LEADER : 00000nam 2200000uu 4500
001    13399126181
003     ULIB
008    180703s2557||||th 000 0 tha d
020    ^a9786167902180
060    ^aWT100^bอ858ค
100    ^aอุไรวรรณ ชัยชนะวิโรจน์
245    ^aคู่มือการใช้ยาสำหรับผู้สูงอายุ
260    ^aพิษณุโลก :^bคณะพยาบาลศาสตร์ มหาวิทยาลัยนเรศวร,^c2557
300    ^a13 หน้า;^b19 ซม.
650    ^aผู้สูงอายุ-การใช้ยา
945    ^p0^l0^i26368
945    ^p0^l0^i26369
945    ^p0^l0^i26370
945    ^p0^l0^i26371
945    ^p0^l0^i26372
999    ^aกัณชพร จุลอักษร
รายการนี้ยังไม่มีแท็ก
คุณยังไม่ได้ล็อกอิน คุณสามารถมีกิจกรรมร่วมกับเว็บไซต์ได้ แต่ต้องล็อกอินก่อน ::
  ล็อกอิน

รายการสื่อสารสนเทศ

ลำดับที่ ประเภท เลขเรียก/บาร์โค้ด สถานที่ สถานะ
1. หนังสือสำรอง
หนังสือสำรอง
WT100 อ858ค ฉ.1 
  Barcode: 26368
ห้องสมุดวิทยาเขตนครสวรรค์
►หนังสือทั่วไป:l:General Books
บนชั้น
2. วิทยาศาสตร์การแพทย์ และสุขภาพ
วิทยาศาสตร์การแพทย์ และสุขภาพ
WT100 อ858ค ฉ.2 
  Barcode: 26369
ห้องสมุดวิทยาเขตนครสวรรค์
►หนังสือทั่วไป:l:General Books
บนชั้น
3. วิทยาศาสตร์การแพทย์ และสุขภาพ
วิทยาศาสตร์การแพทย์ และสุขภาพ
WT100 อ858ค ฉ.3 
  Barcode: 26370
ห้องสมุดวิทยาเขตนครสวรรค์
►หนังสือทั่วไป:l:General Books
บนชั้น
4. วิทยาศาสตร์การแพทย์ และสุขภาพ
วิทยาศาสตร์การแพทย์ และสุขภาพ
WT100 อ858ค ฉ.4 
  Barcode: 26371
ห้องสมุดวิทยาเขตนครสวรรค์
►หนังสือทั่วไป:l:General Books
บนชั้น
5. วิทยาศาสตร์การแพทย์ และสุขภาพ
วิทยาศาสตร์การแพทย์ และสุขภาพ
WT100 อ858ค ฉ.5 
  Barcode: 26372
ห้องสมุดวิทยาเขตนครสวรรค์
►หนังสือทั่วไป:l:General Books
บนชั้น

รายการใกล้เคียง
    ชื่อเรื่อง [คู่มือการใช้ยาสำหรับผู้สูงอายุ]

    หัวเรื่อง [ผู้สูงอายุ-การใช้ยา]

BibComment


ยังไม่เคยถูกคอมเมนท์

คอมเมนท์ทรัพยากรรายการนี้
  คอมเมนท์: คู่มือการใช้ยาสำ..


 Copyright 2026. Bcnsprnw @Library